What causes war? : (Record no. 593490)

000 -LEADER
fixed length control field 02361cam a2200337 i 4500
001 - CONTROL NUMBER
control field 17655336
003 - CONTROL NUMBER IDENTIFIER
control field NUST
005 - DATE AND TIME OF LATEST TRANSACTION
control field 20230302092030.0
008 - FIXED-LENGTH DATA ELEMENTS--GENERAL INFORMATION
fixed length control field 130312s2014 mdua b 001 0 eng
010 ## - LIBRARY OF CONGRESS CONTROL NUMBER
LC control number 2013008136
020 ## - INTERNATIONAL STANDARD BOOK NUMBER
International Standard Book Number 9780742566507 (cloth : alk. paper)
020 ## - INTERNATIONAL STANDARD BOOK NUMBER
International Standard Book Number 9780742566514 (pbk. : alk. paper)
020 ## - INTERNATIONAL STANDARD BOOK NUMBER
Canceled/invalid ISBN 9780742566521 (electronic)
040 ## - CATALOGING SOURCE
Original cataloging agency DLC
Language of cataloging eng
Transcribing agency DLC
Description conventions rda
Modifying agency DLC
042 ## - AUTHENTICATION CODE
Authentication code pcc
050 00 - LIBRARY OF CONGRESS CALL NUMBER
Classification number U21.2
Item number .C37 2014
082 00 - DEWEY DECIMAL CLASSIFICATION NUMBER
Classification number 327.15, CAS
Edition number 23
100 1# - MAIN ENTRY--PERSONAL NAME
Personal name Cashman, Greg.
9 (RLIN) 109709
245 10 - TITLE STATEMENT
Title What causes war? :
Remainder of title an introduction to theories of international conflict /
Statement of responsibility, etc. Greg Cashman.
250 ## - EDITION STATEMENT
Edition statement Second Edition.
264 #1 - PRODUCTION, PUBLICATION, DISTRIBUTION, MANUFACTURE, AND COPYRIGHT NOTICE
Place of production, publication, distribution, manufacture Lanham, Maryland :
Name of producer, publisher, distributor, manufacturer Rowman & Littlefield,
Date of production, publication, distribution, manufacture, or copyright notice [2014]
300 ## - PHYSICAL DESCRIPTION
Extent xii, 605 pages :
Other physical details illustrations ;
Dimensions 26 cm
336 ## - CONTENT TYPE
Content type term text
Source rdacontent
337 ## - MEDIA TYPE
Media type term unmediated
Source rdamedia
338 ## - CARRIER TYPE
Carrier type term volume
Source rdacarrier
505 ## - FORMATTED CONTENTS NOTE
Formatted contents note Chapter 1: Empirical Theory and the Causes of War (Page-1),Chapter 2: The Individual Level of Analysis, Part I: Human Aggression (Page-12),Chapter 3: The Individual Level of Analysis, Part II: Psychological Explanations for War (Page-49),<br/>Chapter 4: The Substate Level of Analysis: Group Decision Making (Page-115),<br/>Chapter 5: The State Level of Analysis, Part I: Political, Economic, and Demographic Factors (Page-169),Chapter 6: The State Level of Analysis, Part II: Internal Conflicts, Nationalism, and War Weariness (Page-199),Chapter 7: The Dyadic Level of Analysis, Part I: The Nature of Dyads—Really Bad Dyads and Pretty Good Dyads (Page-237),Chapter 8: The Dyadic Level of Analysis, Part II: International Interactions (Page-279),Chapter 9: The Dyadic Level of Analysis, Part III: Game Theory, Bargaining, and Deterrence Theory (Page-319),Chapter 10: The International System Level of Analysis, Part I: Realism, Anarchy, and the Balance of Power (Page-371),Chapter 11: The International System Level of Analysis, Part II: Power Dynamics, Cyclical Theories, and Historical-Structural Theories of War (Page-407),Chapter 12: Constructivism: A Digression (Page-461),Chapter 13: Conclusion (Page-477).<br/>
650 #0 - SUBJECT ADDED ENTRY--TOPICAL TERM
Topical term or geographic name entry element War
General subdivision Causes.
9 (RLIN) 97132
906 ## - LOCAL DATA ELEMENT F, LDF (RLIN)
a 7
b cbc
c orignew
d 1
e ecip
f 20
g y-gencatlg
942 ## - ADDED ENTRY ELEMENTS (KOHA)
Source of classification or shelving scheme
Koha item type Book
Holdings
Withdrawn status Lost status Source of classification or shelving scheme Damaged status Not for loan Permanent Location Current Location Shelving location Date acquired Total Checkouts Full call number Barcode Date last seen Price effective from Koha item type Public note
          Military College of Signals (MCS) Military College of Signals (MCS) General Stacks 03/02/2023   327.15, CAS MCS37543 03/02/2023 03/02/2023 Book Almirah No.50, Shelf No.1
© 2023 Central Library, National University of Sciences and Technology. All Rights Reserved.